Star Wars Quiz-Simple - Statistiques

Statistiques générales
  • Ce quiz a été pris 56 fois
  • Le résultat moyen est 11 sur 15
Statistiques - réponses
Description Réponse % Correct
Nom du robot crée par Anakin C-3PO
98%
Vaisseau de Han Solo Faucon millénium
96%
Princesse et leader de la Rébellion Leia
94%
Ennemis des Jedi Sith
88%
Avec qui Luke s'est il entrainé sur Dagobah Yoda
88%
Droïde de Poe BB-8
86%
Planète de Padmé Naboo
82%
Maitre d'Obi Wan Kenobi Qui-Gon Jinn
80%
Planète ou est né Anakin et ou a grandi Luke Tatooine
78%
Arme destructrice de l'empire Etoile noire
76%
Vrai prénom de Kylo Ren Ben
72%
Petites créatures poilues habitant sur Endor qui ont aidés la Rébellion Ewoks
68%
Chewbacca est issu de cette espèce Wookie
66%
Nom des soldats de l'Empire Stormtroopers
60%
"Je sais ce que tu vas dire ... j'ai changer de ..." coiffure
16%
Aucun quiz correspondant
Distribution des résultats
% des personnes avec chaque résultat
Percentile par nombre de réponses
Votre historique - résultats
Vous n’avez pas pris ce quiz